Applications of neutron powder diffraction /

Bibliographic Details
Main Author: Kisi, Erich H.
Other Authors: Howard, Christopher J.
Format: Book
Language:English
Published: Oxford ; New York : Oxford University Press, 2008.
Series:Oxford series on neutron scattering in condensed matter ; 15.
Subjects:

MARC

Tag First Indicator Second Indicator Subfields
LEADER 00000cam a22000004a 4500
001 in00002467014
005 20151110040754.0
008 080528s2008 enka b 001 0 eng
010 |a  2008023527 
020 |a 9780198515944 
020 |a 0198515944 
035 |a (OCoLC)ocn228671416 
035 |a (OCoLC)228671416 
040 |a DLC  |c DLC  |d YDXCP  |d BTCTA  |d BAKER  |d BWKUK  |d BWK  |d BWX  |d CDX  |d UtOrBLW 
049 |a TXAM 
050 0 0 |a QC793.5.N462  |b K57 2008 
082 0 0 |a 548/.83  |2 22 
100 1 |a Kisi, Erich H. 
245 1 0 |a Applications of neutron powder diffraction /  |c Erich H. Kisi, Christopher J. Howard. 
264 1 |a Oxford ;  |a New York :  |b Oxford University Press,  |c 2008. 
300 |a xvii, 486 pages :  |b illustrations ;  |c 24 cm. 
336 |a text  |b txt  |2 rdacontent 
337 |a unmediated  |b n  |2 rdamedia 
338 |a volume  |b nc  |2 rdacarrier 
490 1 |a Oxford series on neutron scattering in condensed matter ;  |v 15 
504 |a Includes bibliographical references (pages [463]-480) and index. 
650 0 |a Neutrons  |x Diffraction. 
650 0 |a Powders  |x Optical properties. 
700 1 |a Howard, Christopher J. 
830 0 |a Oxford series on neutron scattering in condensed matter ;  |v 15. 
938 |a YBP Library Services  |b YANK  |n 100494284 
938 |a Baker & Taylor  |b BKTY  |c 130.00  |d 130.00  |i 0198515944  |n 0007809870  |s active 
938 |a Baker and Taylor  |b BTCP  |n 2008023527 
938 |a Blackwell Book Service UK  |b BBUK  |n L4799340  |c 65.00 
938 |a Blackwell Book Service  |b BBUS  |n R2747563  |c $130.00 
938 |a Coutts Information Services  |b COUT  |n 7758917  |c 130.00 USD 
945 |a PromptCat  |b 581552 
946 |a stk 
947 |a A14837410932 
994 |a 92  |b TXA 
948 |a cataloged  |b h  |d 2009/1/6  |h c  |e asalazar  |f 2:09:42 pm 
999 |a MARS 
999 f f |s 99e9cb70-2b92-38c4-9895-a8aded52ef02  |i edade3a5-a644-3599-a646-949a66e051b8  |t 0 
952 f f |p normal  |a Texas A&M University  |b College Station  |c Sterling C. Evans Library  |s Evans stk  |d Evans: Library Stacks  |t 0  |e QC793.5.N462 K57 2008  |h Library of Congress classification  |i unmediated -- volume  |m A14837410932 
998 f f |a QC793.5.N462 K57 2008  |t 0  |l Evans: Library Stacks